| 000 | 00401nam a22001577a 4500 | ||
|---|---|---|---|
| 003 | SGT | ||
| 020 | _a9789354653926 | ||
| 082 |
_a612.8 _bP22S |
||
| 100 | _aSHETH, MEGHA SANDEEP | ||
| 245 | _aPHYSIOTHERAPY IN NEUROLOGICAL CONDITION | ||
| 260 |
_aINDIA _bJAYPEE PUB _c2022 |
||
| 300 | _a580 | ||
| 650 | _aPHYSIOTHERAPY | ||
| 653 | _aPHYSIOTHERAPY IN NEUROLOGICAL CONDITION | ||
| 942 |
_2ddc _cBK _09 |
||
| 999 |
_c25314 _d25314 |
||